000 00490 UNIa2200169COL4500
999 _c3920
_d3920
003 ALUPE UNIVERSITY COLLEGE
005 20220221133536.0
008 220221b ||||| |||| 00| 0 eng d
020 _a0801616468
040 _cALUPE UNIVERSITY COLLEGE
050 _aRJ254
_b.N46 1992
245 _aNEONATAL-PERINATAL MRDICINE
_bDISEASES OF THE FETUS AND INFANT
250 _a5TH EDITION
_bVol. 2
260 _aChicago
_bMosby Year Book
_cc1992
504 _aIncludes index
942 _2lcc
_cBK